উপল উপকূলে / (Record no. 2726)
[ view plain ]
| 000 -LEADER | |
|---|---|
| fixed length control field | 00735nam a2200205 a 4500 |
| 001 - CONTROL NUMBER | |
| JCCL Control Number | 2726 |
| 003 - CONTROL NUMBER IDENTIFIER | |
| JCCL marc code | BD-JhCC |
| 005 - DATE AND TIME OF LATEST TRANSACTION | |
| control field | 20171107130616.0 |
| 008 - FIXED-LENGTH DATA ELEMENTS--GENERAL INFORMATION | |
| fixed length control field | 171106b1969 bg ||||| |||| 00| 0 ben d |
| 035 ## - SYSTEM CONTROL NUMBER | |
| system control number | (BD-JhCC) |
| 040 ## - CATALOGING SOURCE | |
| Original cataloging agency | BD-JhCC |
| Modifying agency | BD-JhCC |
| 041 ## - LANGUAGE CODE | |
| Language code of Book | ben |
| 082 ## - DEWEY DECIMAL CLASSIFICATION NUMBER | |
| Classification number | 891.443 |
| Author mark and Year | RAS 1969 |
| 100 ## - MAIN ENTRY--PERSONAL NAME | |
| Personal name | রাশীদ, সামস্ |
| 245 ## - TITLE STATEMENT | |
| Title | উপল উপকূলে / |
| Statement of responsibility, etc | সামস্ রাশীদ |
| 260 ## - PUBLICATION, DISTRIBUTION, ETC. (IMPRINT) | |
| Place of publication, distribution, etc | ঢাকা: |
| Name of publisher, distributor, etc | মডার্ণ টাইপ ফাউন্ডার্স, প্রিন্টার্স এন্ড পাবলিশার্স লিমিটেড ; |
| Date of publication, distribution, etc | ১৯৬৯ |
| 300 ## - PHYSICAL DESCRIPTION | |
| Pagination | ৩৩৯ পৃ.; |
| Dimensions | ২২ সেমি |
| 650 ## - SUBJECT ADDED ENTRY--TOPICAL TERM | |
| Topical term or geographic name as entry element | Bengali novel |
| 942 ## - ADDED ENTRY ELEMENTS (KOHA) | |
| Source of classification or shelving scheme | Dewey Decimal Classification |
| Koha item type | Books |
| Source of classification or shelving scheme | volume number | Damaged status | Not for loan | Home library | Current library | Shelving location | Date of accession | Cost, normal purchase price | Total Checkouts | Full call number | Barcode | Date last seen | Copy number | Koha item type |
|---|---|---|---|---|---|---|---|---|---|---|---|---|---|---|
| Dewey Decimal Classification | V-1 | JCC Rouf Library | JCC Rouf Library | General Stacks | 11/06/2017 | 25.00 | 891.443 RAS 1969 | 4310 | 11/06/2017 | C-1 | Books | |||
| Dewey Decimal Classification | V-2 | JCC Rouf Library | JCC Rouf Library | General Stacks | 11/06/2017 | 25.00 | 891.443 RAS 1969 | 4385 | 11/06/2017 | C-2 | Books |